The illustrated Atlas of the Human Body/ (Record no. 84512)

MARC details
000 -LEADER
fixed length control field 00697nam a22001937a 4500
005 - DATE AND TIME OF LATEST TRANSACTION
control field 20140523120432.0
010 ## - LCCN (DPL NO)
LC control number B-521595-601
020 ## - INTERNATIONAL STANDARD BOOK NUMBER
International Standard Book Number 9781740896481
Terms of availability 895.00
035 ## - SYSTEM CONTROL NUMBER
System control number B-521595-601
037 ## - SOURCE OF ACQUISITION
Stock number dpl
Source of stock number/acquisition Blueberry/Ven
082 ## - DEWEY DECIMAL CLASSIFICATION NUMBER
Classification number 611
100 ## - MAIN ENTRY--PERSONAL NAME
Personal name McMillan, Beverly
245 ## - TITLE STATEMENT
Title The illustrated Atlas of the Human Body/
Statement of responsibility, etc by Beverly McMillan
260 ## - PUBLICATION, DISTRIBUTION, ETC. (IMPRINT)
Place of publication, distribution, etc Australia
Name of publisher, distributor, etc Weldon Owen Pty Ltd.
Date of publication, distribution, etc 2012
270 ## - ADDRESS
Address 59-61 Victoria Street, McMahons Point Sydney NSW 2060
City Australia
300 ## - PHYSICAL DESCRIPTION
Extent 288p.:
Other physical details col.ill.
Dimensions 32cm(Hb)
942 ## - ADDED ENTRY ELEMENTS (KOHA)
Source of classification or shelving scheme Dewey Decimal Classification
Item type Children Books
Classification part 611
Call number suffix MCM
Holdings
Withdrawn status Lost status Not for loan Collection code Home library Current library Date acquired Source of acquisition Cost, normal purchase price Full call number Barcode Copy number Cost, replacement price Koha item type
  Written-off vide DLB M. No. 383 dt 16.05.19 Not For Loan Reference Central Library Central Library 23/05/2014 Blueberry/IN10418/21.03.2013/202/20.03.2013/28.03.2013 895.00 611 MCM B-521595 1 895.00 Children Books
      Non-fiction Central Library Central Library 23/05/2014 Blueberry/IN10418/21.03.2013/202/20.03.2013/28.03.2013 895.00 611 MCM B-521596 1 895.00 Children Books
    Not For Loan Reference Janak Puri Janak Puri 23/05/2014 Blueberry/IN10418/21.03.2013/202/20.03.2013/28.03.2013 895.00 611 MCM B-521598 1 895.00 Children Books
    Not For Loan Reference Karol Bagh Karol Bagh 23/05/2014 Blueberry/IN10418/21.03.2013/202/20.03.2013/28.03.2013 895.00 611 MCM B-521600 1 895.00 Children Books
    Not For Loan Reference Narela Narela 23/05/2014 Blueberry/IN10418/21.03.2013/202/20.03.2013/28.03.2013 895.00 611 MCM B-521601 1 895.00 Children Books
    Not For Loan Reference Patel Nagar Patel Nagar 23/05/2014 Blueberry/IN10418/21.03.2013/202/20.03.2013/28.03.2013 895.00 611 MCM B-521597 1 895.00 Children Books
    Not For Loan Reference Sarojini Nagar Sarojini Nagar 23/05/2014 Blueberry/IN10418/21.03.2013/202/20.03.2013/28.03.2013 895.00 611 MCM B-521599 1 895.00 Children Books

© Delhi Public Library
Hit Counter
free hit counter